000
00384nam a2200133Ia 4500
008
151001s9999||||xx |||||||||||||| ||und||
100
_a
मधुराणी उभा वाचल्पती
245
_a
अब्दुल गनी का हुक्का
250
_a
1
260
_b
लिट्रेसी
260
_c
2003
300
_a
212
365
_b
21
999
_c
981079
_d
981076